000 00448nam a2200157Ia 4500
003 IN-BaIIA
005 20250704150014.0
008 211028s9999 xx 000 0 eng d
040 _cIIA Library
080 _a550.38
_bDEV
100 _aFedro Devrizer
_9551
245 0 _aEstudis sobre equipos magneticos power
_cFedro Devrizer
260 _aMadrid
_bInstituto Geografico Y Catastral
_c1950
650 _aMagneticos Power
_9552
942 _cBK
_2ddc
999 _c284
_d284